000 00479nam a22001817a 4500
003 LK-CoDNM
005 20240202124413.0
008 240202b |||||||| |||| 00| 0 eng d
020 _a9786242040172
040 _aLK-CoDNM
_dLK-CoDNM
_eLK-CoDNM
041 _asin
080 _aX92
_bDIS
100 _aදිසානායක,සිසිර
245 _aඅනදපති
260 _bOld Anandian's Association of Victoria
_c2021
300 _a357p.,24cm
942 _cBK
999 _c144828
_d144828